000 00314 a2200157 4500
001 25891
020 _a9788576653202
040 _cAnchieta - São Paulo/Itaigara
100 _aGomes, Laurentino
240 1 0 _a1808
_lpor
245 1 0 _a1808
300 _a367
362 0 _a2014
650 4 _aBrasil
942 _cBK
999 _c25891
_d25891